| 000 | 00000nam 2200000za 4500 |
| 001 | 9.834330 |
| 003 | CaOODSP |
| 005 | 20250403105858 |
| 007 | cr ||||||||||| |
| 008 | 170328s19731976onc #os f00| 0 fre d |
| 040 | |aCaOODSP|bfre |
| 041 | |aeng|afre |
| 043 | |an-cn--- |
| 086 | 1 |aCS92-722/1971-PDF |
| 086 | 1 |aCS92-723/1971-PDF |
| 086 | 1 |aCS92-724/1971-PDF |
| 086 | 1 |aCS92-725/1971-PDF |
| 086 | 1 |aCS92-726/1971-PDF |
| 086 | 1 |aCS92-727/1971-PDF |
| 086 | 1 |aCS92-728/1971-PDF |
| 245 | 00|a1971 Census of Canada |h[ressource électronique] : |bpopulation : vol. I - part 3 = Recensement du Canada 1971 : population : vol. I - partie 3. |
| 246 | 11|aRecensement du Canada 1971 : |bpopulation : vol. I - partie 3 |
| 246 | 15|aPopulation : |bcaractéristiques générales|g(seulement dans quelques volumes) |
| 260 | |a[Ottawa] : |bStatistics Canada = Statistique Canada, |c1973-1976. |
| 300 | |a7 v. |
| 500 | |aNombreux tableaux. |
| 500 | |aTitre de la couv. |
| 500 | |aÉdition numérisée de l’imprimé [par Statistique Canada]. |
| 500 | |aCouvre le Bulletin 1.3-1 à 1.3-7. |
| 505 | 0 |a92-722. Introduction au volume I (partie 3) -- 92-723. Groupes ethniques -- 92-724. Confessions religieuses -- 92-725. Langue maternelle -- 92-726. Langue officielle et langue d'usage -- 92-727. Lieu de naissance -- 92-728. Citoyenneté et immigration. |
| 546 | |aTexte en anglais et en français. |
| 692 | 07|2gccst|aRecensement |
| 692 | 07|2gccst|aPopulation |
| 710 | 2 |aStatistique Canada. |
| 791 | |t1971 Census of Canada |eeng|w(CaOODSP)9.834326 |
| 856 | 40|qPDF|s2.52 Mo|uhttps://publications.gc.ca/collections/collection_2017/statcan/CS92-722-1971.pdf|zIntroduction au volume I (partie 3) |
| 856 | 40|qPDF|s5.96 Mo|uhttps://publications.gc.ca/collections/collection_2017/statcan/CS92-723-1971.pdf|zGroupes ethniques |
| 856 | 40|qPDF|s8.95 Mo|uhttps://publications.gc.ca/collections/collection_2017/statcan/CS92-724-1971.pdf|zConfessions religieuses |
| 856 | 40|qPDF|s6.14 Mo|uhttps://publications.gc.ca/collections/collection_2017/statcan/CS92-725-1971.pdf|zLangue maternelle |
| 856 | 40|qPDF|s4.86 Mo|uhttps://publications.gc.ca/collections/collection_2017/statcan/CS92-726-1971.pdf|zLangue officielle et langue d'usage |
| 856 | 40|qPDF|s61.27 Mo|uhttps://publications.gc.ca/collections/collection_2017/statcan/CS92-727-1971.pdf|zLieu de naissance |
| 856 | 40|qPDF|s2.28 Mo|uhttps://publications.gc.ca/collections/collection_2017/statcan/CS92-728-1971.pdf|zCitoyenneté et immigration |